[Event "GER-ch U18 sf Berlin Online"]
[Site "Playchess.com INT"]
[Date "2020.05.01"]
[Round "8"]
[White "Fruth, David"]
[Black "Pachmann, Johannes"]
[Result "1-0"]
[WhiteElo "1736"]
[BlackElo "1620"]
[PlyCount "129"]
[EventDate "2020.05.01"]
[EventType "swiss (blitz)"]
[EventRounds "13"]
[EventCountry "GER"]
[SourceTitle "CBM 195 Extra"]
[Source "ChessBase"]
[SourceDate "2020.05.31"]
[SourceVersion "1"]
[SourceVersionDate "2020.05.31"]
[SourceQuality "1"]

1. e4 e6 2. d4 d5 3. Nc3 Nf6 4. Bg5 Be7 5. Bxf6 Bxf6 6. Nf3 0-0 7. Bd3 Nc6 8. 0-0 Nxd4 9. exd5 Nxf3+ 10. Qxf3 Bxc3 11. bxc3 exd5 12. Rad1 Qg5 13. c4 Bg4 14. Qg3 Qh5 15. Rd2 Rfe8 16. cxd5 Be2 17. Bxe2 Rxe2 18. Rxe2 Qxe2 19. Qxc7 b6 20. Qc6 Rd8 21. Qc7 Re8 22. d6 Rf8 23. d7 Qe7 24. Qc8 Rd8 25. Rd1 h6 26. Kf1 Kh7 27. Qc7 a5 28. c4 a4 29. a3 g6 30. Qd6 Qh4 31. Qd5 Qe7 32. Rd2 h5 33. Qd6 Qh4 34. Qd5 Qe7 35. g3 Qc5 36. Qxc5 bxc5 37. Rd5 Kg7 38. Ke2 Kf6 39. Ke3 Ke6 40. Ke4 f6 41. f4 Ke7 42. Rxc5 Rxd7 43. f5 g5 44. Rd5 Rc7 45. c5 Rc6 46. Kd4 Ke8 47. Rd6 Rxd6+ 48. cxd6 Kd7 49. Kd5 g4 50. Kc5 Ke8 51. Kc6 Kd8 52. d7 h4 53. gxh4 g3 54. hxg3 Ke7 55. Kc7 Kf7 56. d8Q Kg7 57. Qe7+ Kh6 58. Qxf6+ Kh7 59. Qg6+ Kh8 60. Qf6+ Kh7 61. Qg5 Kh8 62. f6 Kh7 63. f7 Kh8 64. f8Q+ Kh7 65. Qfg8# 1-0

[Event "GER-ch U18 sf Berlin Online"]
[Site "Playchess.com INT"]
[Date "2020.05.01"]
[Round "7"]
[White "Pachmann, Johannes"]
[Black "Mueller, Anker"]
[Result "1-0"]
[WhiteElo "1620"]
[BlackElo "1364"]
[PlyCount "135"]
[EventDate "2020.05.01"]
[EventType "swiss (blitz)"]
[EventRounds "13"]
[EventCountry "GER"]
[SourceTitle "CBM 195 Extra"]
[Source "ChessBase"]
[SourceDate "2020.05.31"]
[SourceVersion "1"]
[SourceVersionDate "2020.05.31"]
[SourceQuality "1"]

1. e4 Nc6 2. d4 e6 3. Nc3 d5 4. Bb5 Bb4 5. Bd2 Bxc3 6. Bxc3 a6 7. Bxc6+ bxc6 8. e5 Ne7 9. Nf3 0-0 10. 0-0 Bb7 11. Bb4 a5 12. Bc5 Re8 13. Re1 a4 14. b3 axb3 15. axb3 Rxa1 16. Qxa1 Ng6 17. g3 Qa8 18. Nd2 Qxa1 19. Rxa1 Ra8 20. Ra4 Rxa4 21. bxa4 f6 22. f4 fxe5 23. fxe5 Kf7 24. Nb3 h5 25. Ba7 Ke7 26. Nc5 Ba8 27. Bb8 Kd8 28. Nxe6+ Kc8 29. Bxc7 Kd7 30. Nxg7 Kxc7 31. Nxh5 Bb7 32. Nf4 Nxf4 33. gxf4 Kd7 34. f5 Ke7 35. a5 Bc8 36. Kf2 Bxf5 37. a6 Bc8 38. a7 Bb7 39. h4 Kd7 40. h5 Ke7 41. h6 Kf7 42. e6+ Kf8 43. h7 Kg7 44. e7 Bc8 45. e8Q Bd7 46. Qxd7+ Kh8 47. Qxc6 Kxh7 48. Qxd5 Kh8 49. a8Q+ Kh7 50. Qg2 Kh6 51. d5 Kh7 52. d6 Kh6 53. d7 Kh5 54. c3 Kh4 55. c4 Kh5 56. c5 Kh6 57. c6 Kh7 58. c7 Kh6 59. d8Q Kh5 60. c8Q Kh6 61. Qf8+ Kh7 62. Qfg8+ Kh6 63. Qcf8+ Kh5 64. Qae8+ Kh4 65. Qee7+ Kh5 66. Qef7+ Kh4 67. Qf6+ Kh5 68. Qf8f7# 1-0

[Event "GER-ch U18 sf Berlin Online"]
[Site "Playchess.com INT"]
[Date "2020.05.01"]
[Round "5"]
[White "Pachmann, Johannes"]
[Black "Thuemler, Floris"]
[Result "0-1"]
[WhiteElo "1620"]
[BlackElo "1214"]
[PlyCount "32"]
[EventDate "2020.05.01"]
[EventType "swiss (blitz)"]
[EventRounds "13"]
[EventCountry "GER"]
[SourceTitle "CBM 195 Extra"]
[Source "ChessBase"]
[SourceDate "2020.05.31"]
[SourceVersion "1"]
[SourceVersionDate "2020.05.31"]
[SourceQuality "1"]

1. e4 e5 2. Nf3 Nc6 3. d4 exd4 4. Bc4 d6 5. Nxd4 Nf6 6. Bg5 Be7 7. Nxc6 bxc6 8. 0-0 Nxe4 9. Bxe7 Qxe7 10. Re1 0-0 11. f3 d5 12. Bd3 Qc5+ 13. Kh1 Nf2+ 14. Kg1 Nh3+ 15. Kh1 Qg1+ 16. Rxg1 Nf2# 0-1

[Event "GER-chT Lands U20"]
[Site "Hannover"]
[Date "2017.10.03"]
[Round "6.8"]
[White "Peglau, Mirjam"]
[Black "Pachmann, Johannes"]
[Result "1-0"]
[WhiteElo "1595"]
[BlackElo "1605"]
[PlyCount "101"]
[EventDate "2017.09.29"]
[EventType "team-swiss"]
[EventRounds "7"]
[EventCountry "GER"]
[SourceTitle "EXT 2018"]
[Source "ChessBase"]
[SourceDate "2017.10.13"]
[SourceVersion "1"]
[SourceVersionDate "2017.10.13"]
[SourceQuality "1"]
[WhiteTeam "Sachsen U20"]
[BlackTeam "Bayern U20"]
[WhiteTeamCountry "GER"]
[BlackTeamCountry "GER"]

1. e4 e6 2. d4 d5 3. Nc3 Nf6 4. Bg5 Be7 5. e5 Nfd7 6. h4 c5 7. Nb5 f6 8. exf6 Nxf6 9. dxc5 Bxc5 10. Nf3 Qb6 11. Qe2 Ng4 12. Ne5 Bxf2+ 13. Kd2 Nxe5 14. Qxe5 0-0 15. Nc7 Qa5+ 16. Qc3 Bb6 17. Nxa8 Rf2+ 18. Be2 Qxc3+ 19. bxc3 Ba5 20. Be3 Rxg2 21. Bxa7 Nc6 22. Bb6 e5 23. Bxa5 Nxa5 24. Rag1 Rf2 25. Nc7 Bd7 26. Ke1 Rf8 27. Nxd5 Bc6 28. Ne7+ Kf7 29. Nxc6 Nxc6 30. Rf1+ Ke7 31. Rxf8 Kxf8 32. Bf3 Nd8 33. Ke2 b6 34. Rb1 Ne6 35. Rxb6 Nf4+ 36. Kf2 Ke7 37. a4 Kd7 38. a5 Kc7 39. Rb7+ Kc8 40. a6 Ne6 41. a7 Nc7 42. Rxc7+ Kxc7 43. a8Q e4 44. Bxe4 g5 45. Qc6+ Kd8 46. Bf5 Ke7 47. Qe6+ Kf8 48. hxg5 h6 49. g6 Kg7 50. Qf7+ Kh8 51. Qh7# 1-0

[Event "GER-ch U10"]
[Site "Willingen"]
[Date "2015.05.27"]
[Round "7"]
[White "Stahnecker, Hagen"]
[Black "Pachmann, Johannes"]
[Result "1-0"]
[WhiteElo "1257"]
[BlackElo "1308"]
[PlyCount "91"]
[EventDate "2015.05.24"]
[EventType "swiss"]
[EventRounds "11"]
[EventCountry "GER"]
[SourceTitle "CBM 166 Extra"]
[Source "ChessBase"]
[SourceDate "2015.06.18"]
[SourceVersion "1"]
[SourceVersionDate "2015.06.18"]
[SourceQuality "1"]

1. e4 e6 2. d4 d5 3. e5 c5 4. c3 Nc6 5. Nf3 Qb6 6. a3 c4 7. Be2 Na5 8. Nbd2 Bd7 9. a4 Be7 10. 0-0 Nh6 11. Re1 Nf5 12. Bf1 0-0 13. g3 Rac8 14. Bg2 h6 15. Re2 Rfd8 16. Bh3 Bf8 17. Ne1 Rc6 18. Ng2 Be7 19. Ne3 Bg5 20. f4 Nxe3 21. Rxe3 Be7 22. Rf3 Be8 23. Rf2 f6 24. exf6 Bxf6 25. Kg2 Bd7 26. Qc2 Rf8 27. f5 e5 28. dxe5 Bxe5 29. Nf3 Bc7 30. Nd4 Rcf6 31. Be3 Qd6 32. Re1 Qe7 33. Rfe2 Qf7 34. g4 Rd6 35. Bf4 Nc6 36. Bxd6 Bxd6 37. Nxc6 Bxc6 38. Re6 d4+ 39. Kf1 d3 40. Qf2 Qc7 41. Bg2 Bd7 42. Rg6 Bxh2 43. Qd4 Rf7 44. Bd5 Qg3 45. Bxf7+ Kxf7 46. Qxg7# 1-0

[Event "GER-ch U10"]
[Site "Willingen"]
[Date "2015.05.25"]
[Round "4"]
[White "Pachmann, Johannes"]
[Black "Volk, Oskar"]
[Result "1/2-1/2"]
[WhiteElo "1308"]
[BlackElo "1078"]
[PlyCount "87"]
[EventDate "2015.05.24"]
[EventType "swiss"]
[EventRounds "11"]
[EventCountry "GER"]
[SourceTitle "CBM 166 Extra"]
[Source "ChessBase"]
[SourceDate "2015.06.18"]
[SourceVersion "1"]
[SourceVersionDate "2015.06.18"]
[SourceQuality "1"]

1. e4 d6 2. d4 c6 3. Bd3 Nd7 4. Nf3 e5 5. dxe5 dxe5 6. Nc3 Ngf6 7. 0-0 Be7 8. Re1 0-0 9. Bg5 Qc7 10. Qd2 h6 11. Bh4 b6 12. a3 Bb7 13. Rad1 Rad8 14. Qe2 Nc5 15. Bc4 Bc8 16. Rxd8 Rxd8 17. Rd1 Rxd1+ 18. Qxd1 Nfxe4 19. Nxe4 Nxe4 20. Bxe7 Qxe7 21. Qe1 Ng5 22. Nxe5 b5 23. Bb3 Kh7 24. h4 f6 25. hxg5 Qxe5 26. Qxe5 fxe5 27. gxh6 Kxh6 28. f3 Kg5 29. g3 Kf5 30. c3 g5 31. Bc2+ Kf6 32. Kf2 Bf5 33. Bxf5 Kxf5 34. Ke3 c5 35. b3 c4 36. bxc4 bxc4 37. a4 a5 38. g4+ Kf6 39. Ke4 Ke6 40. Ke3 Kd5 41. Ke2 e4 42. Ke3 exf3 43. Kxf3 Ke5 44. Ke3 1/2-1/2

[Event "Nuremberg Zabo op 16th"]
[Site "Nuremberg"]
[Date "2014.09.20"]
[Round "3"]
[White "Weber, Alexander"]
[Black "Pachmann, Johannes"]
[Result "1-0"]
[WhiteElo "1689"]
[BlackElo "1217"]
[PlyCount "63"]
[EventDate "2014.09.19"]
[EventType "swiss"]
[EventRounds "5"]
[EventCountry "GER"]
[SourceTitle "EXT 2018"]
[Source "ChessBase"]
[SourceDate "2017.10.13"]
[SourceVersion "1"]
[SourceVersionDate "2017.10.13"]
[SourceQuality "1"]

1. e4 e6 2. d4 d5 3. exd5 exd5 4. Nf3 Nf6 5. Be2 Nc6 6. 0-0 Be7 7. Nc3 0-0 8. Bf4 Bf5 9. Nb5 Bd6 10. Nxd6 cxd6 11. c3 Re8 12. Bd3 Bg4 13. h3 Bh5 14. g4 Bg6 15. Bxg6 hxg6 16. Bg5 Re6 17. Qb3 Qa5 18. Qxb7 Rb8 19. Qxc6 Rxb2 20. Bxf6 Rxf6 21. Ng5 Qd8 22. Rae1 Rb8 23. Re3 Rf4 24. Qxd5 a6 25. Rfe1 Kf8 26. Re8+ Qxe8 27. Rxe8+ Rxe8 28. Qxd6+ Kg8 29. Qxf4 f6 30. Ne4 g5 31. Nxf6+ gxf6 32. Qxf6 1-0